Pays par leur surnom #1 - Statistiques

Statistiques générales
  • Ce quiz a été pris 236 fois
  • Le résultat moyen est 7 sur 13
Statistiques - réponses
Surnom Pays % Correct
L'Hexagone France
99%
Pays de l'oncle Sam Etats-Unis
95%
La Botte Italie
94%
L'Empire du milieu Chine
90%
La larme de l'Inde Sri lanka
73%
Le plat pays Belgique
55%
Le pays aux yeux bleus Russie
41%
La nation Arc en ciel Afrique du Sud
38%
L'Île rouge Madagascar
37%
L'éternel pays d'avenir Brésil
29%
La Patrie de Noé Arménie
13%
Le pays des Hommes intègres Burkina Faso
12%
Le Pays de l'encens Yémen
6%
Aucun quiz correspondant
Distribution des résultats
% des personnes avec chaque résultat
Percentile par nombre de réponses
Votre historique - résultats
Vous n’avez pas pris ce quiz